000 00238nam a2200097Ia 4500
008 190216s9999||||xx |||||||||||||| ||und||
100 _aTatapuram Sukumaran
245 0 _aMalayalam-Vandikal Neengunnu
260 _bCurrent Books
942 _cBK
999 _c23563
_d23563